Research facilities in Bombay, Calcutta and Madras (Record no. 83291)
[ view plain ]
| 000 -LEADER | |
|---|---|
| fixed length control field | 00689cam a22002171 4500 |
| 001 - CONTROL NUMBER | |
| control field | sa 68010044 |
| 003 - CONTROL NUMBER IDENTIFIER | |
| control field | DLC |
| 005 - DATE AND TIME OF LATEST TRANSACTION | |
| control field | 20260227112549.0 |
| 008 - FIXED-LENGTH DATA ELEMENTS--GENERAL INFORMATION | |
| fixed length control field | 710915s1968 ii 00010 eng |
| 010 ## - LIBRARY OF CONGRESS CONTROL NUMBER | |
| LC control number | sa 68010044 //r842 |
| 025 ## - OVERSEAS ACQUISITION NUMBER | |
| Overseas acquisition number | PL480:I-E-10309 |
| 043 ## - GEOGRAPHIC AREA CODE | |
| Geographic area code | a-ii--- |
| 050 0# - LIBRARY OF CONGRESS CALL NUMBER | |
| Classification number | AS468 |
| Item number | .H58 |
| 082 ## - DEWEY DECIMAL CLASSIFICATION NUMBER | |
| Classification number | 001.4/025/54 |
| 100 10 - MAIN ENTRY--PERSONAL NAME | |
| Personal name | Holmes, W. Robert |
| Fuller form of name | (Walter Robert), |
| Dates associated with a name | 1916- |
| 245 10 - TITLE STATEMENT | |
| Title | Research facilities in Bombay, Calcutta and Madras |
| Statement of responsibility, etc. | [by] W. Robert Holmes [and] S. Raj. Gopal. |
| 260 0# - PUBLICATION, DISTRIBUTION, ETC. | |
| Place of publication, distribution, etc. | [Delhi, |
| Name of publisher, distributor, etc. | Printed by Graphic Aids at Cambridge Print. Works, |
| Date of publication, distribution, etc. | 1968] |
| 300 ## - PHYSICAL DESCRIPTION | |
| Extent | 167 p. |
| Dimensions | 23 cm. |
| 650 #0 - SUBJECT ADDED ENTRY--TOPICAL TERM | |
| Topical term or geographic name entry element | Research |
| Geographic subdivision | India. |
| 700 20 - ADDED ENTRY--PERSONAL NAME | |
| Personal name | Raj Gopal, S., |
| Relator term | joint author. |
No items available.